00375nam a2200121Ia 4500082001700000100001700017245010800034260002600142300001400168504001400182650003600196700002100232 aRR 423 SLE-; aSleed, James 0aDictionaries and that dictionary: a casebook on the aims of lexicographies and the targets of reviewers aScottbForesmanc1962 axi, 274p. aRef. book aEnglish language - Dictionaries aEbbitt, Wilma R.